| 000 | 00443nam a2200169 4500 | ||
|---|---|---|---|
| 020 | _a9789357427944 | ||
| 082 |
_aM080 9282 _bSET/A |
||
| 100 | _aSethu | ||
| 245 |
_aAnanthuvinte charithranweshanangal/ _cby Sethu |
||
| 260 |
_aKozhikkode: _bOlive books, _c2024. |
||
| 300 | _a72p. | ||
| 650 | _aChildren's Literature Malayalam | ||
| 650 | _aChildren's Literature | ||
| 650 | _aLiterature Malayalam | ||
| 650 | _aLiterature | ||
| 942 | _cBK | ||
| 999 |
_c181624 _d181624 |
||